Statistics for Can You Name All The Countries That Earned A Medal In Tokyo 2020?

Click here to take the quiz!

General Stats

  • This quiz has been taken 38 times
  • The average score is 60 of 93

Answer Stats

Answer% Correct
United States Of America
94%
Canada
88%
China
88%
France
88%
Great Britain
88%
Japan
88%
Australia
85%
Mexico
85%
Finland
82%
Brazil
79%
Germany
79%
India
79%
Ireland
79%
Italy
79%
New Zealand
79%
South Korea
79%
Egypt
76%
Indonesia
76%
Norway
76%
South Africa
76%
Spain
76%
Ukraine
76%
Austria
73%
Belgium
73%
Greece
73%
Iran
73%
Netherlands
73%
Poland
73%
Portugal
73%
Argentina
70%
Bahamas
70%
Bulgaria
70%
Colombia
70%
Czech Republic
70%
Israel
70%
Kenya
70%
Romania
70%
Slovakia
70%
Sweden
70%
Turkey
70%
Uzbekistan
70%
Cuba
67%
Denmark
67%
Ethiopia
67%
Hungary
67%
Kazakhstan
67%
Latvia
67%
Malaysia
67%
Philippines
67%
Saudi Arabia
67%
Serbia
67%
Slovenia
67%
Switzerland
67%
Thailand
67%
Croatia
64%
Ecuador
64%
Estonia
64%
Jamaica
64%
Lithuania
64%
Russian Olympic Community
64%
Venezuela
64%
Belarus
61%
Kuwait
61%
Georgia
58%
Jordan
58%
Nigeria
58%
Armenia
55%
Kosovo
55%
Moldova
55%
Qatar
55%
Syria
55%
Turkmenistan
55%
Azerbaijan
52%
Dominican Republic
52%
Fiji
52%
Kyrgyzstan
52%
Mongolia
52%
San Marino
52%
Tunisia
52%
Ghana
48%
Bahrain
45%
Chinese Taipei
45%
Ivory Coast
45%
North Macedonia
45%
Namibia
42%
Botswana
39%
Uganda
39%
Bermuda
36%
Grenada
36%
Hong Kong
33%
Puerto Rico
30%
Burkina Faso
21%
Morroco
18%

Score Distribution

Percentile by Number Answered

Percent of People with Each Score

Your Score History

You have not taken this quiz